Statistics for Name Their First Film #1

Click here to take the quiz!

General Stats

  • This quiz has been taken 3 times
  • The average score is 1 of 16

Answer Stats

Actor/ActressFirst Film% Correct
Dwayne JohnsonThe Mummy Returns
100%
Leonardo DiCaprioCritters 3
33%
Shelley DuvallBrewster McCloud
0%
Robin WilliamsCan I Do It Til I Need Glasses
0%
Brendan FraserDogfight
0%
John GoodmanEddie Macon's Run
0%
Tom CruiseEndless Love
0%
Michael CeraFrequency
0%
Robert De NiroGreetings
0%
Dennis QuaidI Never Promised You a Rose Garden
0%
Ryan ReynoldsOrdinary Magic
0%
Jason BatemanTeen Wolf Too
0%
Brad PittThe Dark Side of the Sun
0%
Joe PesciThe Death Collector
0%
John TravoltaThe Devil's Rain
0%
Steve BuscemiThe Way It Is
0%

Score Distribution

Percentile by Number Answered

Percent of People with Each Score

Your Score History

You have not taken this quiz